Insurance special (Record no. 67929)

MARC details
000 -LEADER
fixed length control field 00920cam a2200265 4500
001 - CONTROL NUMBER
control field ABS64280
008 - FIXED-LENGTH DATA ELEMENTS--GENERAL INFORMATION
fixed length control field 010807n2001 000 0 eng u
035 ## - SYSTEM CONTROL NUMBER
System control number (Sirsi) u113979
100 ## - MAIN ENTRY--PERSONAL NAME
Personal name Alderson, F.
245 ## - TITLE STATEMENT
Title Insurance special
260 ## - PUBLICATION, DISTRIBUTION, ETC.
Date of publication, distribution, etc. 2001
490 ## - SERIES STATEMENT
Series statement Building
Volume/sequential designation 266(8193) 13 July 2001, 52-53(2)
520 ## - SUMMARY, ETC.
Summary, etc. Three short articles which, in the aftermath of the collapse of Independent Insurance, consider what to if your insurer goes bust; discusses some 'optional' forms of insurance, which are not usually covered by the standard forms and examines 'after-the-event insurance'.
590 ## - LOCAL NOTE (RLIN)
Local note ABS
650 ## - SUBJECT ADDED ENTRY--TOPICAL TERM
Topical term or geographic name entry element INSURANCE POLICIES
650 ## - SUBJECT ADDED ENTRY--TOPICAL TERM
Topical term or geographic name entry element INDEPENDENT INSURANCE
650 ## - SUBJECT ADDED ENTRY--TOPICAL TERM
Topical term or geographic name entry element INSURANCE OPTIONS
650 ## - SUBJECT ADDED ENTRY--TOPICAL TERM
Topical term or geographic name entry element Insolvency
9 (RLIN) 6247
650 ## - SUBJECT ADDED ENTRY--TOPICAL TERM
Topical term or geographic name entry element POLICY PROTECTION BOARD
690 ## - LOCAL SUBJECT ADDED ENTRY--TOPICAL TERM (OCLC, RLIN)
Topical term or geographic name as entry element Insurance
9 (RLIN) 6249
700 ## - ADDED ENTRY--PERSONAL NAME
Personal name White, N.
700 ## - ADDED ENTRY--PERSONAL NAME
Personal name Harris, M.
700 ## - ADDED ENTRY--PERSONAL NAME
Personal name Davis, G.
942 ## - ADDED ENTRY ELEMENTS (KOHA)
Suppress in OPAC 0
Holdings
Withdrawn status Lost status Source of classification or shelving scheme Damaged status Not for loan Home library Current library Shelving location Date acquired Total Checkouts Full call number Barcode Date last seen Copy number Price effective from Koha item type
    Dewey Decimal Classification     London London Journal article 07/08/2001   ABS64280 113979-1001 06/08/2019 1 06/08/2019 Journal article